Mária-kultusz Adorjánban
The village Adorján, laying on the bank of the River Tisza (today Vojvodina, Yu) wasfounded in the 18th century. The inhabitants are Catholics being employed in the agriculture. Their church was builtin 1858. Their religious life is dominated by the function of the religious confraternities. The aut...
Elmentve itt :
| Szerzők: | |
|---|---|
| Dokumentumtípus: | Könyv része |
| Megjelent: |
2001
|
| Sorozat: | Szegedi vallási néprajzi könyvtár
7 Boldogasszony : Szűz Mária tisztelete Magyarországon és Közép-Európában 7 |
| Kulcsszavak: | Mária-tisztelet - Magyarország, Folklór - magyar, Népi vallásosság - magyar, Ikonográfia - keresztény |
| Tárgyszavak: | |
| Online Access: | http://acta.bibl.u-szeged.hu/69963 |
| LEADER | 01536naa a2200265 i 4500 | ||
|---|---|---|---|
| 001 | acta69963 | ||
| 005 | 20220201105106.0 | ||
| 008 | 200831s2001 hu o 0|| hun d | ||
| 020 | |a 963 482 319 X | ||
| 022 | |a 1419-1288 | ||
| 040 | |a SZTE Egyetemi Kiadványok Repozitórium |b hun | ||
| 041 | |a hun | ||
| 041 | |a eng | ||
| 100 | 1 | |a Kovačev Olga | |
| 245 | 1 | 0 | |a Mária-kultusz Adorjánban |h [elektronikus dokumentum] / |c Kovačev Olga |
| 260 | |c 2001 | ||
| 300 | |a 333-339 | ||
| 490 | 0 | |a Szegedi vallási néprajzi könyvtár |v 7 | |
| 490 | 0 | |a Boldogasszony : Szűz Mária tisztelete Magyarországon és Közép-Európában |v 7 | |
| 520 | 3 | |a The village Adorján, laying on the bank of the River Tisza (today Vojvodina, Yu) wasfounded in the 18th century. The inhabitants are Catholics being employed in the agriculture. Their church was builtin 1858. Their religious life is dominated by the function of the religious confraternities. The authors describe the life of the holy rosary confraternity, the Marian girls' confraternity, the Confraternity of St. Francise, theConfraternity ofthe Sacred Heart ofJesus, theConfraternity ofMary's Heart and some other paraliturgical devotions. | |
| 650 | 4 | |a Bölcsészettudományok | |
| 650 | 4 | |a Filozófia, etika és vallástudományok | |
| 695 | |a Mária-tisztelet - Magyarország, Folklór - magyar, Népi vallásosság - magyar, Ikonográfia - keresztény | ||
| 700 | 0 | 2 | |a Nagy Abonyi Ágnes |e aut |
| 856 | 4 | 0 | |u http://acta.bibl.u-szeged.hu/69963/1/szegedi_vallasi_007_333-339.pdf |z Dokumentum-elérés |